Egypt : a Lonely Planet travel survival kit /

محفوظ في:

المؤلف الرئيسي: Logan, Leanne, 1964- (مؤلف)

مؤلفون آخرون: Wayne, Scott.

التنسيق: كتاب

اللغة: English

الطبعة: 4th edition.

سلاسل: Lonely Planet travel survival kit.

الموضوعات:

الوسوم: إضافة وسم

لا توجد وسوم, كن أول من يضع وسما على هذه التسجيلة!

رقم الطلب: DT45 .E5 1996

LEADER 01081cam a2200301 i 4500
005 20231228115829.0
008 970102s1996 at abe 001 0 eng d
999 |c 55212  |d 55212 
020 |a 0864423950 (pbk.) 
020 |a 9780864423955 (pbk.) 
043 |a f-ua--- 
050 |a DT45  |b .E5 1996 
245 0 0 |a Egypt :  |b a Lonely Planet travel survival kit /  |c Leanne Logan [and 3 others]. 
250 |a 4th edition. 
264 |a Hawthorn, Vic. ;  |a Oakland :  |b Lonely Planet Publications,  |c 1996. 
300 |a 506 pages :  |b illustrations (some color), maps, plans ;  |c 19 cm. 
336 |2 rdacontent  |a text  |b txt 
337 |2 rdamedia  |a unmediated  |b n 
338 |2 rdacarrier  |a volume  |b n 
490 0 |a Lonely Planet travel survival kit. 
500 |a Revised edition of: Egypt & the Sudan / Scott Wayne. 3rd edition. 
500 |a Includes indexes. 
651 0 |a Egypt  |v Guidebooks. 
651 0 |a Egypt  |x Description and travel. 
700 1 |a Logan, Leanne,  |d 1964-  |e author. 
700 1 |a Wayne, Scott.  |t Egypt & the Sudan. 
830 0 |a Lonely Planet travel survival kit. 
942 |2 lcc  |c BK